IFM Opac

Social policy: a survey of recent development. (Record no. 14766)

MARC details
000 -LEADER
fixed length control field 00277nam a22001097a 4500
020 ## - INTERNATIONAL STANDARD BOOK NUMBER
International Standard Book Number 0631153004
082 ## - DEWEY DECIMAL CLASSIFICATION NUMBER
Classification number 361.620942SOC.
245 ## - TITLE STATEMENT
Title Social policy: a survey of recent development.
260 ## - PUBLICATION, DISTRIBUTION, ETC.
Place of publication, distribution, etc. Oxford.
Name of publisher, distributor, etc. Basil blackwell.
Date of publication, distribution, etc. 1973.
300 ## - PHYSICAL DESCRIPTION
Extent x, 278p.
Other physical details 23cm.
942 ## - ADDED ENTRY ELEMENTS (KOHA)
Koha item type Books
Holdings
Withdrawn status Lost status Source of classification or shelving scheme Damaged status Not for loan Home library Current library Shelving location Date acquired Full call number Barcode Date last seen Price effective from Koha item type
    Dewey Decimal Classification     IFM Main Campus Library IFM Main Campus Library   01/18/2016 361.620942SOC. 0000015195 01/18/2016 01/18/2016 Books